Nghiên cứu tách và chuyển hoá Lignin từ nước thải thủy phân trong công nghiệp sản xuất giấy thành Vanilin

Tổng quan. Thực nghiệm. Kết quả và thảo luận

Sparad:
Bibliografiska uppgifter
Huvudupphovsman: Phạm Đức Tiến
Övriga upphovsmän: Đào Hùng Cường TS (Hướng dân)
Materialtyp: Bok
Språk:Vietnamese
Publicerad: Đà Nẵng Đại học Đà Nẵng 2001
Ämnen:
Taggar: Lägg till en tagg
Inga taggar, Lägg till första taggen!
Thư viện lưu trữ: Mạng thư viện Đại học Đà Nẵng
LEADER 01411nam a2200361 4500
001 000010476
003 6681
005 20111214091232.0
008 111214s2001 viesd
041 |a vie 
072 |a Luận văn Thạc sĩ Khoa học 
082 |a 676.5  |b PH-T 
100 |a Phạm Đức Tiến 
245 |a Nghiên cứu tách và chuyển hoá Lignin từ nước thải thủy phân trong công nghiệp sản xuất giấy thành Vanilin  |c Phạm Đức Tiến 
260 |a Đà Nẵng  |b Đại học Đà Nẵng  |c 2001 
300 |a 72 tr.  |c 29 cm 
500 |a Luận văn Thạc sĩ. Chuyên ngành: Hóa hữu cơ. Mã số: 60.44.27 
520 |a Tổng quan. Thực nghiệm. Kết quả và thảo luận 
653 |a Sản xuất giấy 
653 |a Nước thải 
653 |a Luận văn Thạc sĩ Hóa hữu cơ 
653 |a Hóa học 
700 |a Đào Hùng Cường  |c TS  |e Hướng dân 
OWN |a LSP 
AVA |a UDN50  |b LSP  |d 676.5 PH-T  |e available  |t Error 5001 Not defined in file expand_doc_bib_avail.  |f 1  |g 0  |h N  |i 0  |k 1 
999 |a From the UDN01 
AVA |a UDN50  |b LSP  |d 676.5 PH-T  |e available  |t Error 5001 Not defined in file expand_doc_bib_avail.  |f 1  |g 0  |h N  |i 0  |k 1 
TYP |a Monograph 
TYP |a Printed language 
980 |a Mạng thư viện Đại học Đà Nẵng